Football - Les 10 plus gros transferts (2007-2008) - Statistiques

Statistiques générales
  • Ce quiz a été pris 43 fois
  • Le résultat moyen est 6 sur 10
Statistiques - réponses
Rang Club Précédent Nouveau Club Montant Joueur % Correct
1 Atletico Madrid Liverpool 38 000 000 € Fernando Torres
94%
4 Olympique de Marseille Bayern Munich 30 000 000 € Franck Ribéry
86%
10 Arsenal Barcelone 24 000 000 € Thierry Henry
78%
7 Sporting CP Manchester United 25 500 000 € Nani
69%
5 Porto Real Madrid 30 000 000 € Pepe
69%
2 Chelsea Real Madrid 35 000 000 € Arjen Robben
53%
6 Ajax Amsterdam Real Madrid 27 000 000 € Wesley Sneijder
53%
3 Porto Manchester United 31 500 000 € Anderson
31%
8 Bayern Munich Manchester United 25 000 000 € Owen Hargreaves
28%
9 Charlton Tottenham 24 750 000 € Darren Bent
8%
Aucun quiz correspondant
Distribution des résultats
% des personnes avec chaque résultat
Percentile par nombre de réponses
Votre historique - résultats
Vous n’avez pas pris ce quiz